000 00774nac a22002171u 4500
010 _a00265135
020 _a8176490946
082 0 0 _a658.802
_bM1351
090 _c1208
_d1208
100 _aMcDonald, Malcolm.
245 1 0 _aMarketing plans :
_bhow to prepare them, how to use them /
_cMalcolm McDonald.
250 _a4th ed.
260 _aNew Delhi :
_bViva books private limited.
_c2000.
300 _axviii, 578 p. :
_bill. ;
_c25 cm.
500 _aIncludes index.
650 0 _aMarketing
_xManagement.
650 0 _aMarketing
_xPlanning.
710 2 _aInstitute of Marketing.
942 _cBB
_k658.802M1351
999 _c1208
_d1208